[Event "WGM Cvijet Mediterana 2019"]
[Site "Rijeka"]
[Date "2019.03.05"]
[Round "4.5"]
[White "Hrescak, Ivana"]
[Black "Vujnovic, Patricija"]
[Result "1/2-1/2"]
[WhiteElo "2128"]
[BlackElo "2056"]
[Annotator "TA"]
[PlyCount "128"]
[EventDate "2019.03.03"]
[EventType "tourn"]
[EventCountry "CRO"]
[SourceTitle "playchess.com"]
[Source "ChessBase"]
[SourceQuality "1"]

{[%evp 24,128,16,0,9,15,48,0,0,0,0,0,0,-24,-32,-59,-22,-87,-66,-71,-54,-68,-62,-92,-85,-88,-90,-73,-47,-92,-72,-133,-115,-119,-134,-179,-93,-216,-214,-456,-239,-239,-230,-346,-342,-309,-332,-334,-336,-320,-331,-394,-324,-366,-354,-341,-303,-370,0,-268,0,-355,-188,-185,-184,-164,-31,-31,-31,-31,-31,-33,-11,-33,-5,-5,-5,-18,-8,-8,24,-14,-17,-17,-17,-16,-19,-25,-25,-25,-25,-39,-38,-38,-25,-25,-25,-25,-8,-8,-8,-38,-38,-38,-44,-45,-40]} 1. c4 d5 2. d4 e6 3. Nc3 c6 4. Nf3 dxc4 5. a4 Bb4 6. e3 b5 7. Bd2 a5 8. axb5 Bxc3 9. Bxc3 cxb5 10. b3 Bb7 11. bxc4 b4 12. Bb2 Nf6 13. Bd3 O-O {D31: Queen's Gambit Declined: Semi-Slav without ...Nf6 (+ Marshall Gambit and Noteboom) and Exchange Variation lines without ...Nf6} 14. O-O Qc7 (14... Nbd7 15. Nd2 e5 16. d5 Re8 17. f4 Qe7 18. Bc2 Qd6 19. Kh1 e4 20. Ba4 Rec8 21. Bxd7 Nxd7 22. Qg4 Nf6 23. Nxe4 Nxg4 24. Nxd6 Nxe3 {½-½ (44) Lenderman,A (2626)-Tomashevsky,E (2744) Doha 2015}) 15. Ne5 Nbd7 {The position is equal.} 16. Nxd7 $146 ({Predecessor:} 16. f4 Be4 17. Nxd7 Qxd7 18. d5 Bxd3 19. Qxd3 a4 20. Bxf6 {½-½ (20) Bennett,P (2011)-Miles,R (1951) England 2016}) 16... Nxd7 17. f3 Rfe8 18. c5 Bc6 19. Bc2 Bb5 20. Bd3 (20. Rf2 $11 {keeps the balance.}) 20... Bxd3 $17 21. Qxd3 a4 22. Rfb1 Reb8 23. Bc1 {With the idea Qc4.} Qc6 24. Qd2 b3 25. Ba3 Qb5 26. Qb2 Rd8 27. Rc1 (27. Rd1 $142) 27... Nb8 $1 28. Qc3 Nc6 29. Bb2 Qb4 (29... Nb4 $1 $19 30. Qc4 Rdb8 31. Qxb5 Rxb5) 30. f4 {[#]} (30. Qxb4 $17 Nxb4 31. Rc4) 30... Rdb8 $1 $19 31. Kf2 $2 (31. Ra3 {is a better defense.}) 31... Qxc3 (31... a3 $142 32. Bxa3 Rxa3 33. Rxa3 (33. Qxb4 $2 Nxb4 34. Rxa3 Nd3+ {[%mdl 64] Double Attack} 35. Kf1 Nxc1 $19) 33... Qxa3) 32. Rxc3 {[#]} Nb4 $1 33. Ke2 (33. Kf3 {might work better.}) 33... Na2 34. Rd3 a3 35. Bxa3 Rxa3 36. Rb1 Kf8 37. e4 Ke7 38. d5 exd5 39. exd5 Kd7 40. Kf3 Nc1 $2 (40... Rb5 $19 41. c6+ Kd6) 41. Rc3 $2 {[%mdl 8192]} (41. Re3 $1 $11) 41... Na2 42. Rd3 $1 Ra5 (42... Rb5 $142 43. c6+ Kd6) 43. c6+ Kd6 44. Rdxb3 Rba8 ({Black should try} 44... Rxb3+ $19 45. Rxb3 Rxd5) 45. Rb7 $15 Rxd5 46. Rxf7 Kxc6 47. Rxg7 h5 {White must now prevent ...Nc3.} 48. Rg6+ Kc7 49. Rb3 Ra4 50. h3 Rf5 51. g3 h4 52. Rg5 Rf7 {next ...hxg3 is good for Black.} 53. Rg4 hxg3 54. Kxg3 Rc4 55. Ra3 {aiming for Ra7+.} Rc3+ 56. Rxc3+ Nxc3 $11 {[%mdl 4096] Endgame KRN-KR} 57. Kf3 Nd5 {Strongly threatening ...Kd7.} 58. h4 Nf6 59. Rg5 Kd7 60. Ra5 Ke6 {White should prevent ...Rc7.} 61. f5+ Kd6 {...Rf8 is the strong threat.} 62. Ra6+ Ke5 {Black is slightly better.} 63. Ra5+ Nd5 64. Kg4 Rg7+ {Accuracy: White = 35%, Black = 44%.} 1/2-1/2

[Event "WGM Cvijet Mediterana 2019"]
[Site "Rijeka"]
[Date "2019.03.06"]
[Round "5.2"]
[White "Miladinovic, Lena"]
[Black "Hrescak, Ivana"]
[Result "0-1"]
[WhiteElo "2140"]
[BlackElo "2128"]
[Annotator "TA"]
[PlyCount "92"]
[EventDate "2019.03.03"]
[EventType "tourn"]
[EventCountry "CRO"]
[SourceTitle "playchess.com"]
[Source "ChessBase"]
[SourceQuality "1"]

{[%evp 22,92,39,6,17,15,16,23,48,-31,-43,-34,-37,-65,-64,-64,-56,-86,-42,-42,-49,-147,-134,-612,-591,-689,-666,-626,-437,-445,-458,-443,-443,-431,-379,-383,-354,-411,-395,-399,-378,-383,-398,-423,-418,-429,-415,-468,-439,-456,-415,-538,-542,-535,-537,-529,-373,-496,-465,-713,-713,-695,-666,-627,-622,-1012,-1006,-998,-949,-987,-647,-1172,-1165]} 1. d4 Nf6 2. Nf3 g6 3. c4 Bg7 4. Nc3 d6 5. e4 O-O 6. Be2 e5 7. O-O Nc6 8. Be3 Ng4 9. Bg5 f6 10. Bc1 f5 11. d5 Ne7 12. Ng5 Nf6 {E97: King's Indian: Classical Main Line (6...e5 7 0-0 Nc6): 8 Be3 and 8 d5 Ne7, not 9 Ne1} 13. f3 (13. exf5 gxf5 14. f4 h6 15. Ne6 Bxe6 16. dxe6 e4 17. Be3 Ne8 18. Qb3 c5 19. Rad1 Bxc3 20. Qxc3 {1-0 (32) Komarov,D (2498)-Fier,A (2614) Teheran 2016}) 13... f4 14. b4 a5 {White has an edge.} 15. Qb3 $146 (15. b5 $14) ({Predecessor:} 15. b5 b6 16. Qb3 Ne8 17. Ba3 Kh8 18. Nh3 Bxh3 19. gxh3 Qd7 {0-1 (32) Ojala,H-Torkkola,H (2105) Finland 2013}) 15... axb4 $15 16. Qxb4 b6 17. a4 h6 18. Nh3 Bxh3 19. gxh3 Qc8 20. Kg2 g5 $36 {[%mdl 2048] Hoping for ...Ng6. Black has good play.} 21. Nb5 (21. Bd2 $15) 21... Ng6 $17 {Strongly threatening ...Nh4+.} 22. Nxd6 $2 {[%mdl 8192] [#]} (22. Rf2 $17) 22... Nh4+ $19 23. Kf2 cxd6 24. Qxd6 Qxh3 25. Qe6+ Qxe6 26. dxe6 Rfe8 27. c5 bxc5 28. Bb5 Re7 29. Ba3 Kh7 30. Bxc5 Rxe6 31. h3 Bf8 32. Bxf8 Rxf8 33. a5 Ra8 34. Rfd1 Kg7 35. a6 Ra7 36. Rab1 h5 37. Bc4 Ree7 38. Rh1 Ng6 39. Rb8 Rec7 {Black is clearly winning.} 40. Be2 {[#]} (40. Rb4 $142 g4 41. hxg4 hxg4 42. Rhb1) 40... g4 $1 41. hxg4 (41. fxg4 Nxe4+) 41... hxg4 42. Rhb1 gxf3 43. Kxf3 Nh4+ 44. Kf2 Nxe4+ 45. Kg1 Nc5 46. R1b6 Nd7 {[%mdl 64] Double Attack. Accuracy: White = 39%, Black = 79%.} 0-1

[Event "WGM Cvijet Mediterana 2019"]
[Site "Rijeka"]
[Date "2019.03.06"]
[Round "5.3"]
[White "Zimina, Olga"]
[Black "Medic, Mirjana"]
[Result "1-0"]
[WhiteElo "2387"]
[BlackElo "2207"]
[Annotator "TA"]
[PlyCount "91"]
[EventDate "2019.03.03"]
[EventType "tourn"]
[EventCountry "CRO"]
[SourceTitle "playchess.com"]
[Source "ChessBase"]
[SourceQuality "1"]

{[%evp 26,91,105,112,152,149,154,131,154,154,172,145,150,102,112,108,105,108,153,141,195,159,264,150,216,260,289,331,327,324,266,295,350,336,358,328,504,497,493,485,559,509,520,495,1171,1155,1157,1137,1059,638,613,580,621,613,639,627,593,575,742,606,587,580,702,679,646,468,1256,1177]} 1. Nf3 d5 2. c4 e6 3. g3 Nf6 4. Bg2 Be7 5. O-O O-O 6. d4 c6 7. Nc3 b6 8. Ne5 Bb7 9. e4 Nbd7 10. Nxc6 {E06: Closed Catalan: Early deviations} Bxc6 11. exd5 Bb7 (11... exd5 12. cxd5 Bb7 13. d6 Bxg2 14. dxe7 Qxe7 15. Kxg2 Rfe8 16. Qf3 Qb4 17. Rd1 Rad8 18. Rb1 Nf8 19. Bg5 Rd6 20. Bxf6 Rxf6 {½-½ (37) Ladva,O (2497)-Vaganian,R (2546) Puhajarve 2018}) 12. d6 Bxg2 13. dxe7 Qxe7 14. Kxg2 {LiveBook: 3 Games} Rac8 15. b3 Rfd8 16. Qe2 Nf8 $146 ({Predecessor:} 16... Nb8 17. Rd1 Nc6 {1-0 (68) Nogly,C (2215)-Mach,H (2270) Germany 2000}) 17. Rd1 Ng6 18. h4 {[%cal Bh2h4,Bh4h5][%mdl 32]} h6 19. h5 Qb7+ 20. Kg1 Ne7 21. Bf4 Nf5 22. Be5 $36 {[%mdl 2048] White is on the roll.} Nh7 (22... Nd7 $16 {was called for.} 23. Qe4 Qxe4 24. Nxe4 f6) 23. d5 {[%cal Bd4d5,Bd5e6,Be6e7][%mdl 32]} Ng5 {[#]} (23... Qd7 $16 24. Qg4 f6) 24. Qg4 (24. f4 $1 $18 {[%cal Rf4g5]} Nh7 25. g4) 24... f6 (24... Nd6 $16) 25. Bf4 $18 Re8 26. Bxg5 hxg5 27. dxe6 Nh6 28. Qe2 Qc6 29. e7 Nf7 30. Nd5 Ne5 (30... Qd6 $142 31. Kg2 Qc6) 31. f4 {White is clearly winning.} Nf7 32. Rd2 gxf4 33. gxf4 Nh6 34. Re1 Kf7 (34... Kh8 $142 35. Qe4 b5) 35. Qe4 f5 36. Qe5 g6 37. Nb4 Qc5+ 38. Qxc5 bxc5 39. hxg6+ Kxg6 40. Rd6+ Kf7 41. Nc6 Ng8 42. Nd8+ Kg7 43. Rd7 a5 44. Nb7 Nf6 45. Rd8 Rc7 (45... Rb8 $142 46. Rxb8 Rxb8) 46. Nd6 {Precision: White = 80%, Black = 39%.} 1-0

[Event "WGM Cvijet Mediterana 2019"]
[Site "Rijeka"]
[Date "2019.03.06"]
[Round "5.4"]
[White "Rakhmangulova, Anastasiya"]
[Black "Babiy, Olga"]
[Result "1/2-1/2"]
[WhiteElo "2235"]
[BlackElo "2305"]
[Annotator "TA"]
[PlyCount "43"]
[EventDate "2019.03.03"]
[EventType "tourn"]
[EventCountry "CRO"]
[SourceTitle "playchess.com"]
[Source "ChessBase"]
[SourceQuality "1"]

{[%evp 28,43,29,29,33,31,40,44,51,14,20,25,23,21,23,0,3,0]} 1. e4 e5 2. Nf3 Nf6 3. Nxe5 d6 4. Nf3 Nxe4 5. Qe2 Qe7 6. d3 Nf6 7. Bg5 Qxe2+ 8. Bxe2 Be7 9. Nc3 c6 10. O-O-O Na6 11. Rhe1 Nc7 12. Ne4 Nxe4 13. dxe4 Bxg5+ 14. Nxg5 Ke7 15. f4 Ne6 {C42: Petroff Defence: 3 Nxe5 and unusual White 3rd moves} 16. Nxe6 Bxe6 17. f5 Bd7 {White is slightly better.} ({Much weaker is} 17... Bxa2 $6 18. b3 $16) 18. c4 f6 (18... Rad8 19. Rd3 c5 20. Bf3 f6 21. Kc2 Rhe8 22. Bh5 Rh8 23. Kc3 {½-½ (40) Novikov,M (2510)-Qashashvili,A (2495) Rilsk 2017}) 19. Rd3 $146 ({Predecessor:} 19. Kc2 Rad8 20. Rd3 Rhe8 21. Bh5 Rh8 22. Bf3 Rhe8 23. Bh5 Rh8 24. Bf3 Rhe8 25. Bh5 {½-½ (25) Liu,M (2183)-Ren,X (2263) Xinghua 2018}) 19... Rhd8 20. Red1 Be8 21. Bf3 Bf7 22. b3 1/2-1/2

[Event "WGM Cvijet Mediterana 2019"]
[Site "Rijeka"]
[Date "2019.03.06"]
[Round "5.5"]
[White "Djukic, Sandra"]
[Black "Tomilova, Elena"]
[Result "0-1"]
[WhiteElo "2157"]
[BlackElo "2300"]
[Annotator "TA"]
[PlyCount "102"]
[EventDate "2019.03.03"]
[EventType "tourn"]
[EventCountry "CRO"]
[SourceTitle "playchess.com"]
[Source "ChessBase"]
[SourceQuality "1"]

{[%evp 23,102,0,0,0,0,-4,0,0,14,14,14,14,13,0,10,0,10,17,31,27,38,18,22,0,21,11,23,23,20,30,22,22,29,0,0,0,0,-156,-141,-309,-309,-299,-239,-245,-224,-218,-213,-218,-231,-391,-391,-391,-385,-357,-364,-385,-364,-601,-615,-598,-579,-612,-604,-816,-814,-842,-791,-798,-796,-1018,-1004,-1180,-1122,-1029,-996,-1390,-1355,-5716,-5450,-2660,-1260]} 1. d4 Nf6 2. c4 e6 3. Nf3 d5 4. cxd5 exd5 5. Nc3 c6 6. Bg5 Be7 7. Qc2 Nbd7 {[%cal Bb8d7,Bd7f8,Bf8e6][%mdl 32]} 8. e3 Nf8 9. Bd3 Ne6 10. Bh4 g6 11. O-O Ng7 12. Rfe1 O-O 13. h3 $146 {D36: Queen's Gambit Declined: Exchange Variation: Main line (5 Bg5 c6 6 Qc2)} ({Predecessor:} 13. Rab1 Bf5 14. b4 a6 15. a4 Bxd3 16. Qxd3 Nf5 17. Bg5 Ne4 18. Bf4 Nfd6 19. Ne5 f6 20. Nxe4 Nxe4 21. Nxg6 hxg6 {½-½ (94) Hernandez Iglesias,F (2047)-Mijnheer,P (2106) Amsterdam 2018}) 13... Bf5 14. Ne5 (14. Bxf5 {looks sharper.} Nxf5 15. Bg5 Re8 16. Rac1 h5 17. Qb3) 14... Bxd3 15. Qxd3 {The position is equal.} Ne4 (15... Nf5 {keeps more tension.} 16. Bg5 Re8 17. Rad1 Ne4 18. Bf4 Ned6) 16. Bxe7 Qxe7 17. Nxe4 dxe4 18. Qc3 ({Not} 18. Qxe4 f6 $17) 18... Nf5 19. Rac1 f6 20. Nc4 Kg7 21. Nd2 Rfe8 22. Qc5 Qe6 23. a3 a6 24. Qb4 Re7 25. Nc4 Rd8 26. Nb6 h5 27. Rc5 Rf7 28. Rd1 Ne7 29. Qa5 Rff8 30. h4 $2 ({White should play} 30. Rdc1 $11) 30... Qg4 $17 31. Qa4 $2 {[#]} (31. Re1 $17) 31... Nf5 $1 $19 {[%cal Rf5h4]} ({Less strong is} 31... Qxh4 32. d5 $17) 32. Rxf5 Qxf5 33. Rc1 Qb5 34. Qxb5 cxb5 {[%mdl 4096] Endgame KRR-KRN} 35. Rc5 Rd6 36. Nd5 $2 {[#]} (36. Nc8 Rdd8 37. Ne7) 36... b6 37. Rc7+ Rf7 38. Rxf7+ Kxf7 {KR-KN} 39. Nc3 f5 40. Kh2 $2 (40. Kf1) 40... Rc6 {Black is clearly winning.} 41. Kg3 Rc4 42. f3 exf3 43. gxf3 b4 44. Nd5 bxa3 45. bxa3 b5 {[%cal Bb6b5,Bb5b4,Bb4b3][%mdl 32]} 46. Kf4 Ra4 47. Nb4 Rxa3 48. e4 Ra4 49. Nc6 b4 50. d5 b3 51. Ne5+ Ke8 {Accuracy: White = 36%, Black = 64%.} 0-1

[Event "WGM Cvijet Mediterana 2019"]
[Site "Rijeka"]
[Date "2019.03.07"]
[Round "6.1"]
[White "Cvitan, Ena"]
[Black "Tomilova, Elena"]
[Result "0-1"]
[WhiteElo "2203"]
[BlackElo "2300"]
[Annotator "NA"]
[PlyCount "106"]
[EventDate "2019.03.03"]
[EventType "tourn"]
[EventCountry "CRO"]
[SourceTitle "playchess.com"]
[Source "ChessBase"]
[SourceQuality "1"]
[TimeControl "5400+30"]

1. d4 Nf6 2. c4 e6 3. Nc3 Bb4 4. e3 d5 5. a3 Bxc3+ 6. bxc3 c6 7. a4 O-O 8. Nf3 $11 b6 9. cxd5 cxd5 10. Ba3 Re8 11. Bb5 Bd7 12. Bd3 Nc6 13. O-O Na5 14. Ne5 Qc7 15. Bb4 Nc4 16. Bxc4 dxc4 17. a5 Bc6 18. Qc2 b5 19. Rfd1 Rac8 20. a6 Nd5 21. Bc5 f6 22. Nxc6 Qxc6 23. Rdb1 Nc7 24. Ra5 Ra8 25. Qa2 Red8 26. f3 Kh8 27. Qa3 e5 28. e4 exd4 29. cxd4 f5 30. d5 Qg6 31. Re1 fxe4 32. fxe4 Re8 33. d6 Rxe4 34. Rxe4 Qxe4 35. h3 Ne6 36. Rxb5 Qe1+ 37. Kh2 Qe5+ 38. Qg3 Qd5 39. Qf3 Qe5+ 40. Qg3 Qd5 41. d7 Rg8 42. Rb8 Qxc5 43. Rxg8+ Kxg8 44. Qb8+ Kf7 45. d8=Q Nxd8 46. Qxd8 c3 47. Qd7+ Kf6 48. Qd8+ Ke6 49. Qe8+ Kd6 50. Qf8+ Kc6 51. Qxg7 c2 52. Qb7+ Kd6 53. Qb8+ Qc7 0-1

[Event "WGM Cvijet Mediterana 2019"]
[Site "Rijeka"]
[Date "2019.03.07"]
[Round "6.2"]
[White "Babiy, Olga"]
[Black "Djukic, Sandra"]
[Result "1-0"]
[WhiteElo "2305"]
[BlackElo "2157"]
[Annotator "NA"]
[PlyCount "61"]
[EventDate "2019.03.03"]
[EventType "tourn"]
[EventCountry "CRO"]
[SourceTitle "playchess.com"]
[Source "ChessBase"]
[SourceQuality "1"]
[TimeControl "5400+30"]

1. e4 e6 2. Nc3 d5 3. d4 Nf6 4. e5 Nfd7 5. f4 c5 6. Nf3 Be7 $11 {LiveBook: 273 Games} 7. Be3 Nc6 8. Qd2 O-O 9. dxc5 Nxc5 10. O-O-O Qa5 11. Kb1 Rd8 12. Nb5 Qxd2 13. Rxd2 a6 14. Nbd4 Nxd4 15. Nxd4 Bd7 16. c4 dxc4 17. Bxc4 Rac8 18. Rc2 Kf8 19. g4 Ba4 20. b3 Rxd4 21. Bxd4 Bc6 22. Rd1 Rd8 23. Kc1 Ne4 24. Bb2 Rxd1+ 25. Kxd1 Bc5 26. Ke2 Bg1 27. Bd3 Bd5 28. Rc8+ Ke7 29. Rc7+ Kd8 30. Rxf7 Bxh2 31. Bxe4 1-0

[Event "WGM Cvijet Mediterana 2019"]
[Site "Rijeka"]
[Date "2019.03.07"]
[Round "6.3"]
[White "Medic, Mirjana"]
[Black "Rakhmangulova, Anastasiya"]
[Result "1-0"]
[WhiteElo "2207"]
[BlackElo "2235"]
[Annotator "NA"]
[PlyCount "75"]
[EventDate "2019.03.03"]
[EventType "tourn"]
[EventCountry "CRO"]
[SourceTitle "playchess.com"]
[Source "ChessBase"]
[SourceQuality "1"]
[TimeControl "5400+30"]

1. d4 d5 2. Nf3 Nf6 3. e3 e6 4. Bd3 c5 5. b3 Nc6 $11 6. Bb2 Qa5+ 7. c3 Qc7 8. Nbd2 cxd4 9. exd4 Bd6 10. O-O g5 11. c4 g4 12. Ne5 h5 13. Re1 Bd7 14. cxd5 Nxd5 15. Ndc4 Bb4 16. Rf1 Rg8 17. Rc1 f6 18. Nxd7 Qxd7 19. a3 Bf8 20. b4 Nf4 21. Ne3 Ne7 22. Re1 Bh6 23. Rc5 Kf7 24. Bb5 Qd6 25. Qc2 b6 26. Rc7 Rac8 27. Rxe7+ Qxe7 28. Qh7+ Bg7 29. Nf5 Qd8 30. Nh6+ Ke7 31. Nxg8+ Kf8 32. Qe4 Qd6 33. Bc1 Nd5 34. Nh6 f5 35. Nxf5 Qc7 36. Nxg7 Kxg7 37. Bd2 Rf8 38. Bd3 1-0

[Event "WGM Cvijet Mediterana 2019"]
[Site "Rijeka"]
[Date "2019.03.07"]
[Round "6.4"]
[White "Hrescak, Ivana"]
[Black "Zimina, Olga"]
[Result "1/2-1/2"]
[WhiteElo "2128"]
[BlackElo "2387"]
[Annotator "NA"]
[PlyCount "80"]
[EventDate "2019.03.03"]
[EventType "tourn"]
[EventCountry "CRO"]
[SourceTitle "playchess.com"]
[Source "ChessBase"]
[SourceQuality "1"]
[TimeControl "5400+30"]

1. d4 d5 2. c4 c6 3. Nf3 Nf6 4. Nc3 dxc4 5. a4 e6 6. e3 c5 7. Bxc4 Nc6 8. O-O cxd4 9. exd4 Be7 10. h3 O-O 11. Be3 Nb4 12. Bf4 Bd7 $11 13. Ne5 Bc6 14. Bh2 Bd5 15. Be2 Rc8 16. Rc1 Qb6 17. Nxd5 Nbxd5 18. Nc4 Qb4 19. Qd3 Qxa4 20. Ra1 Qb4 21. Rxa7 b5 22. Na3 Qxb2 23. Nxb5 Nc3 24. Nxc3 Rxc3 25. Rb1 Rc1+ 26. Rxc1 Qxc1+ 27. Qd1 Qxd1+ 28. Bxd1 Rc8 29. Kf1 Nd5 30. Bf3 Bf6 31. Bxd5 exd5 32. Rd7 Rd8 33. Rxd8+ Bxd8 34. Ke2 h5 35. g4 Kh7 36. Bd6 Kg6 37. f4 f5 38. Kf3 Bb6 39. Be5 hxg4+ 40. hxg4 fxg4+ 1/2-1/2

[Event "WGM Cvijet Mediterana 2019"]
[Site "Rijeka"]
[Date "2019.03.07"]
[Round "6.5"]
[White "Vujnovic, Patricija"]
[Black "Miladinovic, Lena"]
[Result "0-1"]
[WhiteElo "2056"]
[BlackElo "2140"]
[Annotator "NA"]
[PlyCount "70"]
[EventDate "2019.03.03"]
[EventType "tourn"]
[EventCountry "CRO"]
[SourceTitle "playchess.com"]
[Source "ChessBase"]
[SourceQuality "1"]
[TimeControl "5400+30"]

1. d4 Nf6 2. c4 e5 3. dxe5 Ng4 4. Bf4 Bb4+ $14 5. Nc3 Nc6 6. Nf3 Qe7 7. Qd5 Bxc3+ 8. bxc3 f6 9. exf6 Nxf6 10. Qd3 d6 11. e3 Ne4 12. Nd4 Bd7 13. Be2 O-O-O 14. Bf3 Nc5 15. Qc2 Ne5 16. Be2 Rdf8 17. Bg3 h5 18. h3 g5 19. Rd1 h4 20. Bxe5 Qxe5 21. Nf3 Qf6 22. Rd4 Bf5 23. Qc1 Ne6 24. Rd5 g4 25. hxg4 Bxg4 26. Rf1 h3 27. Nh4 hxg2 28. Nxg2 Bxe2 29. Kxe2 Qf3+ 30. Ke1 Qxg2 31. Qa3 Rh1 32. Rxh1 Qxh1+ 33. Ke2 Qf3+ 34. Kd3 Qd1+ 35. Ke4 Qc2+ 0-1

[Event "WGM Cvijet Mediterana 2019"]
[Site "Rijeka"]
[Date "2019.03.07"]
[Round "7.2"]
[White "Zimina, Olga"]
[Black "Vujnovic, Patricija"]
[Result "1/2-1/2"]
[WhiteElo "2387"]
[BlackElo "2056"]
[Annotator "TA"]
[PlyCount "146"]
[EventDate "2019.03.03"]
[EventType "tourn"]
[EventCountry "CRO"]
[SourceTitle "playchess.com"]
[Source "ChessBase"]
[SourceQuality "1"]

{[%evp 9,146,0,6,11,34,27,69,68,66,66,122,20,50,37,58,0,0,0,0,-1,51,47,44,18,10,-12,46,0,0,-70,-64,-72,-36,-29,-8,-64,-64,-68,-41,-41,-41,-41,-41,-41,-41,-56,0,0,39,-58,-39,-47,-26,-26,-39,-39,-26,-26,-26,-26,0,0,0,-26,0,0,0,-42,0,-51,0,-26,0,-26,0,-26,0,-26,0,-26,0,-26,5,-26,0,-26,0,-27,0,-26,0,-26,0,-26,-26,-26,0,-26,-17,-25,0,0,0,0,0,0,0,0,0,0,0,0,0,-9,-6,-18,-18,-108,-97,-111,-112,-108,-36,-39,0,-304,-84,-444,0,-809,-809,-742,-711,-895,-598,-888,-870,-831,-823]} 1. d4 d6 2. c4 e5 3. Nf3 e4 4. Ng5 f5 5. Nh3 Nf6 6. Nc3 {A41: 1 d4 d6: Tartakower System and Modern Defence} (6. Bg5 h6 7. Bxf6 Qxf6 8. e3 g5 9. Nc3 c6 10. Qh5+ Qf7 11. Be2 Bg7 12. Qxf7+ Kxf7 13. Kd2 {½-½ (50) Rakhmanov,A (2669)-Andreikin,D (2708) Sochi 2017}) 6... g6 7. Bg5 Bg7 $146 ({Predecessor:} 7... h6 8. Bxf6 Qxf6 9. e3 c6 10. f3 exf3 11. Qxf3 Bg7 12. Bd3 O-O 13. O-O Na6 {0-1 (30) Tereick,B (2181)-Deegens,V (2250) Germany 2005}) 8. e3 {White is slightly better.} O-O 9. Nf4 Qe8 {[#]} (9... c6 $14) 10. Bxf6 (10. h4 $1 $16) 10... Bxf6 11. h4 c6 12. Be2 (12. Qb3 $14) 12... Na6 $11 13. Qb3 Nc7 14. O-O-O Rb8 (14... Qe7 $11) 15. Qa3 $14 Qd8 16. g3 a6 17. Qb3 Kh8 (17... Ne6 $11) 18. Qb6 Ne6 19. Na4 ({White should try} 19. Qxd8 $11 Rxd8 20. h5) 19... Nxf4 $15 20. exf4 Qxb6 21. Nxb6 Bd8 22. c5 (22. Nxc8 $11 Rxc8 23. h5) 22... Be6 23. Kc2 h5 24. a3 Kg7 25. b4 Bc7 26. Kc3 Rbd8 (26... Rfe8 {looks sharper.} 27. Rhe1 d5 28. a4 Rh8 29. Rb1 Rbe8) 27. Bc4 Bxc4 ({Black should play} 27... d5 $15 28. Bb3 Rde8) 28. Nxc4 $11 d5 29. Ne3 (29. Ne5 $14) 29... Ra8 30. Rb1 Kf6 31. Kd2 Ke6 32. Rhc1 Ra7 33. Nd1 Kd7 34. Nc3 Re8 35. Na4 Raa8 36. Ke3 Ra7 37. Rb3 Ke6 38. Nb2 Kd7 39. Rc2 (39. Na4 $11) 39... Rg8 (39... a5 $15) 40. Nd1 Re8 41. Nc3 Rh8 42. Rcb2 Re8 43. Rb1 Rh8 44. a4 Rha8 45. R1b2 Bd8 46. Nb1 Bc7 47. Nd2 Bd8 48. Rb1 Bc7 49. R3b2 Bd8 50. Nb3 Bc7 51. Nc1 Re8 52. Ne2 Rea8 53. Ng1 Bd8 54. Nh3 Bc7 55. Ng5 Rf8 56. Rb3 Rf6 57. b5 axb5 58. axb5 cxb5 59. Rxb5 Kc8 60. R1b3 Bd8 61. f3 Bc7 62. fxe4 fxe4 63. Nh3 (63. Kf2 $11) 63... Rfa6 $17 64. Ng1 Ra1 65. Ne2 Ba5 ({Better is} 65... R7a2 $17 66. Kf2 (66. Rxb7 $2 Rf1 $19) 66... Rd2) 66. Rb1 $15 Be1 {Threatens to win with ...Rxb1.} 67. R1b3 $2 {[%mdl 8192] [#]} (67. f5 $1 $11 {and White stays safe.} gxf5 68. R1b2) 67... R1a2 $2 (67... R7a3 $1 $19 {[%cal Ra3b3] is more deadly.} 68. f5 gxf5 69. Rxb7 Rxb3+ 70. Rxb3 Ra2) 68. Rb6 $2 {[%mdl 8192]} (68. f5 $17 {was the crucial defense.} Bd2+ 69. Kf2 gxf5 70. Rb6) 68... Rc2 $2 (68... R7a3 $19 {aiming for ...Rxb3+.} 69. Rxb7 Rxb3+ {[%mdl 64] Overworked Piece} 70. Rxb3 Kc7) 69. Rb1 $2 {[%mdl 8192]} (69. Rxg6 $11 Raa2 70. Rg8+ Kd7 71. Rxb7+ Kc6 72. Rb6+ Kd7 73. Rg7+ Kc8 74. Rg8+ (74. Rc6+ Kb8 $11) 74... Kc7 75. Rg7+ Kc8 76. Rg8+ (76. Rc6+ Kb8 $11) 76... Kc7 77. Rg7+ Kc8) 69... Ra3+ $19 {Black is clearly winning.} 70. R6b3 Rca2 71. R1b2 Kd8 72. Rb1 Rxb3+ 73. Rxb3 Kc7 {[%mdl 32768] Accuracy: White = 37%, Black = 27%. . An unexpected result.} 1/2-1/2